Logo BPK

Bibliografia Prac Pracowników

Politechniki Koszalińskiej

Zastosowanie prognozowania szeregów czasowych metodą wyrównania wykładniczego z zastosowaniem programów STATISTICA dla potrzeb gospodarki / (Rekord nr 9589)

Szczegóły MARC
000 -ETYKIETA REKORDU
podpole kontrolne o stałej długości 00962naa a22001811i 4500
001 - NUMER KONTROLNY REKORDU
podpole kontrolne 9589
003 - IDENTYFIKATOR NUMERU KONTROLNEGO REKORDU
podpole kontrolne KOSZ 005
005 - DATA OSTATNIEJ MODYFIKACJI REKORDU
podpole kontrolne 20180426135527.0
008 - POLE O STAŁEJ DŁUGOŚCI - DANE KONTROLNE
podpole kontrolne o stałej długości 151217s2003 pl f | |100 0 pol d
040 ## - ŹRÓDŁO KATALOGOWANIA
Instytucja, która utworzyła rekord KOSZ 005/ac
100 1# - NAZWA OSOBOWA
Nazwa osobowa SKRZYPNIAK, Roksana - doktorant.
Instytucja Politechnika Koszalińska - Wydział Elektroniki,
Wydział Katedra Telekomunikacji
245 10 - TYTUŁ/ODPOWIEDZIALNOŚĆ
Tytuł Zastosowanie prognozowania szeregów czasowych metodą wyrównania wykładniczego z zastosowaniem programów STATISTICA dla potrzeb gospodarki /
Pozostałe elementy strefy tytułu i oznaczenia odpowiedzialności Roksana Skrzypniak.
650 #0 - HASŁO PRZEDMIOTOWE W FORMIE NAZWY OGÓLNEJ LUB JEDNOSTKOWEJ
Nazwa ogólna lub geograficzna Szeregi czasowe.
655 #0 - TERMIN INDEKSOWY - OKREŚLENIE RODZAJU/FORMY DOKUMENTU
Określnie rodzaju/formy dokumentu Materiały konferencyjne.
711 22 - HASŁO DODATKOWE - NAZWA IMPREZY
Nazwa imprezy Krajowa Konferencja Studentów i Młodych Pracowników Nauki
Oznaczenie części/sekcji dzieła (1 ;
Data imprezy 2003 ;
Miejsce imprezy Koszalin, Polska).
773 0# - TYTUŁ DOKUMENTU MACIERZYSTEGO
Wyrażenie wprowadzające W :
Tytuł XXI Wiek z Erą Elektroniki i Teleinformatyki : I Krajowa Konferencja Naukowa Studentów i Młodych Pracowników Nauki. -
Adres wydawniczy Koszalin : Wydaw. Uczelniane Politechniki Koszalińskiej, 2003. -
Informacje dotyczące relacji s. 55-62
942 ## - HASŁO DODATKOWE - ELEMENTY(KOHA)
Typ dokumentu Rozdział
Schemat klasyfikacji Uniwersalna klasyfikacja dziesiętna
Egzemplarze
Wycofany Zagubiony Uszkodzony Dostępność Lokalizacja stała Lokalizacja bieżąca Typ dokumentu
      Dostępny Bibliografia Prac Pracowników - BPK Bibliografia Prac Pracowników - BPK Rozdział
© 2014 Biblioteka Politechniki Koszalińskiej :: BIBLIOGRAFIA PRAC PRACOWNIKÓW